书目信息 |
| 题名: |
英国建筑简史
|
|
| 作者: | 苏晓毅 著 | |
| 分册: | ||
| 出版信息: | 北京 中国建筑工业出版社 2017.12 |
|
| 页数: | 11, 331页 | |
| 开本: | 21cm | |
| 丛书名: | ||
| 单 册: | ||
| 中图分类: | TU-095.61 | |
| 科图分类: | ||
| 主题词: | 建筑史--jian zhu shi--英国 | |
| 电子资源: | ||
| ISBN: | 978-7-112-20921-7 | |
| 000 | 01197nam0 2200253 450 | |
| 001 | 0100002324 | |
| 005 | 20190308102238.83 | |
| 010 | @a978-7-112-20921-7@dCNY69.00 | |
| 100 | @a20180423d2017 em y0chiy50 ea | |
| 101 | 0 | @achi |
| 102 | @aCN@b110000 | |
| 105 | @aa a 000yy | |
| 200 | 1 | @a英国建筑简史@Aying guo jian zhu jian shi@d= A brief history of British architecture@f苏晓毅著@zeng |
| 210 | @a北京@c中国建筑工业出版社@d2017.12 | |
| 215 | @a11, 331页@c图@d21cm | |
| 314 | @a苏晓毅, 西南林业大学教授, 博士生导师, 国家一级注册建筑师。 | |
| 320 | @a有书目 (第327-331页) | |
| 330 | @a英国的建筑发展, 经历了史前不列颠时期、罗马人占领时期、盎格鲁-撒克逊时期、诺曼王朝时期、都铎时期、斯图亚特时期、浪漫主义时期、维多利亚时期、工艺美术运动时期和近现代建筑时期, 有着极富代表性的建筑式样和与欧洲大陆不同的风格。本书回顾了英国建筑发展的历史, 对于每个阶段的社会历史状况、建筑风格和代表作品进行了细致的分析, 图文并茂, 是一本了解英伦建筑发展不可多得的好书。 | |
| 510 | 1 | @aBrief history of British architecture@zeng |
| 606 | 0 | @a建筑史@Ajian zhu shi@y英国 |
| 690 | @aTU-095.61@v5 | |
| 701 | 0 | @a苏晓毅@Asu xiao yi@4著 |
| 801 | 0 | @aCN@c20180910 |
| 905 | @a河南城建学院图书馆@dTU-095.61@eS858 | |
| 英国建筑简史= A brief history of British architecture/苏晓毅著.-北京:中国建筑工业出版社,2017.12 |
| 11, 331页:图;21cm |
| ISBN 978-7-112-20921-7:CNY69.00 |
| 英国的建筑发展, 经历了史前不列颠时期、罗马人占领时期、盎格鲁-撒克逊时期、诺曼王朝时期、都铎时期、斯图亚特时期、浪漫主义时期、维多利亚时期、工艺美术运动时期和近现代建筑时期, 有着极富代表性的建筑式样和与欧洲大陆不同的风格。本书回顾了英国建筑发展的历史, 对于每个阶段的社会历史状况、建筑风格和代表作品进行了细致的分析, 图文并茂, 是一本了解英伦建筑发展不可多得的好书。 |
| ● |
| 相关链接 |
|
|
|
正题名:英国建筑简史
索取号:TU-095.61/S858
 
预约/预借
| 序号 | 登录号 | 条形码 | 馆藏地/架位号 | 状态 | 备注 |
| 1 | 1244160 | 212441605 | 建筑库101/101建筑库 8排2列2层/ [索取号:TU-095.61/S858] | 在馆 | |
| 2 | 1401532 | 214015322 | 建筑库101/101建筑库 8排3列5层/ [索取号:TU-095.61/S858] | 在馆 | |
| 3 | 1401533 | 214015331 | 建筑库101/101建筑库 8排3列5层/ [索取号:TU-095.61/S858] | 在馆 |